Ten Countries in 15 Seconds - Statistics

General Stats
  • This quiz has been taken 95 times
  • The average score is 8 of 10
Answer Stats
Country Country % Correct
Germany Germany
100%
Botswana Botswana
97%
Estonia Estonia
93%
Bahrain Bahrain
92%
Uruguay Uruguay
85%
Guatemala Guatemala
76%
Thailand Thailand
68%
Samoa Samoa
63%
Gabon Gabon
59%
Cuba Cuba
54%
No matching quizzes found
Score Distribution
Percent of People with Each Score
Percentile by Number Answered
Your Score History
You have not taken this quiz